[Event "Astana Zhuldyzdary op-A"]
[Site "Astana"]
[Date "2023.07.15"]
[Round "6"]
[White "Lupolov, Boris"]
[Black "Goganova, Yana"]
[Result "1/2-1/2"]
[WhiteElo "2121"]
[BlackElo "1958"]
[PlyCount "92"]
[EventDate "2023.07.11"]
[EventType "swiss"]
[EventRounds "10"]
[EventCountry "KAZ"]
[SourceTitle "CBM 215 Extra"]
[Source "ChessBase"]
[SourceDate "2023.09.30"]
[SourceVersion "1"]
[SourceVersionDate "2023.09.30"]
[SourceQuality "1"]

1. d4 d5 2. c4 dxc4 3. e3 Be6 4. Na3 Nf6 5. Nf3 Bd5 6. Nxc4 e6 7. Be2 c5 8. 0-0 Nc6 9. b3 cxd4 10. Nxd4 Bc5 11. Nxc6 Bxc6 12. Bf3 Bxf3 13. Qxf3 Qd5 14. Qg3 Nh5 15. Qg4 Nf6 16. Qg3 b5 17. Ne5 Nh5 18. Qf3 Qxf3 19. gxf3 0-0 20. Nd7 Rfc8 21. Bb2 f6 22. a4 b4 23. Nxc5 Rxc5 24. Rac1 Rg5+ 25. Kh1 Rf5 26. Kg2 Rg5+ 27. Kh3 Rf5 28. f4 Rd5 29. Rfd1 Rad8 30. Rxd5 Rxd5 31. Bd4 Nxf4+ 32. Kg4 Ne2 33. Rc8+ Kf7 34. Bxa7 h5+ 35. Kf3 Ng1+ 36. Kg2 Rg5+ 37. Kf1 Nf3 38. Ke2 Nxh2 39. Rc5 e5 40. a5 Rg1 41. Bb6 e4 42. Kd2 Nf3+ 43. Kc2 Ne1+ 44. Kd2 Nf3+ 45. Kc2 Ne1+ 46. Kd2 Nf3+ 1/2-1/2

[Event "Astana Zhuldyzdary op-A"]
[Site "Astana"]
[Date "2023.07.12"]
[Round "3"]
[White "Goganova, Yana"]
[Black "Bizhigitov, Zhangir"]
[Result "0-1"]
[WhiteElo "1958"]
[BlackElo "2255"]
[PlyCount "82"]
[EventDate "2023.07.11"]
[EventType "swiss"]
[EventRounds "10"]
[EventCountry "KAZ"]
[SourceTitle "CBM 215 Extra"]
[Source "ChessBase"]
[SourceDate "2023.09.30"]
[SourceVersion "1"]
[SourceVersionDate "2023.09.30"]
[SourceQuality "1"]

1. e4 e6 2. d4 d5 3. Nd2 c5 4. exd5 Qxd5 5. dxc5 Qxc5 6. Ngf3 Nf6 7. Bd3 Be7 8. 0-0 Qc7 9. Nd4 a6 10. c4 Nbd7 11. a3 0-0 12. b4 b6 13. Bb2 Bb7 14. Re1 Rfe8 15. h3 Rad8 16. Qb3 Bf8 17. Bf1 g6 18. Rad1 Bg7 19. Be2 e5 20. Nc2 e4 21. Ne3 Ne5 22. Nb1 Bh6 23. Bd4 Rd7 24. Qb2 Bg7 25. Nc3 Nd3 26. Bxd3 Rxd4 27. Nb5 axb5 28. Qxd4 Ng4 29. Nxg4 Bxd4 30. Bxe4 Bc3 31. Re3 Rxe4 32. Rxc3 Kg7 33. c5 h5 34. Ne3 Qe5 35. Rdc1 bxc5 36. Rxc5 Qd4 37. R1c3 Qf6 38. f3 Rd4 39. Rxb5 Rd2 40. Rbc5 Qh4 41. Re5 Qd4 0-1

[Event "Cheliabinsk Panchenko Memorial op-B"]
[Site "Cheliabinsk"]
[Date "2022.09.18"]
[Round "7"]
[White "Ghukasyan, Siranush"]
[Black "Goganova, Yana"]
[Result "1-0"]
[WhiteElo "2154"]
[BlackElo "1951"]
[PlyCount "53"]
[EventDate "2022.09.12"]
[EventType "swiss"]
[EventRounds "10"]
[EventCountry "RUS"]
[SourceTitle "CBM 210 Extra"]
[Source "ChessBase"]
[SourceDate "2022.11.30"]
[SourceVersion "1"]
[SourceVersionDate "2022.11.30"]
[SourceQuality "1"]

1. Nf3 Nf6 2. b3 g6 3. Bb2 Bg7 4. e3 0-0 5. Be2 d6 6. d4 Nc6 7. c4 e5 8. dxe5 Ng4 9. Nc3 Ncxe5 10. Qd2 a5 11. h3 Nxf3+ 12. gxf3 Nf6 13. 0-0-0 Bd7 14. a3 Bc6 15. h4 Nd7 16. h5 Nc5 17. Qc2 Ra6 18. Nb5 Rb6 19. hxg6 fxg6 20. Bd4 Qe7 21. Rdg1 Qf7 22. Kb2 Bxf3 23. Bxf3 Qxf3 24. Bxg7 Kxg7 25. Rxh7+ Kf6 26. Qxg6+ Ke5 27. Re7+ 1-0

[Event "Cheliabinsk Panchenko Memorial op-B"]
[Site "Cheliabinsk"]
[Date "2022.09.17"]
[Round "6"]
[White "Goganova, Yana"]
[Black "Lysenko, Margarita"]
[Result "1/2-1/2"]
[WhiteElo "1951"]
[BlackElo "2267"]
[PlyCount "46"]
[EventDate "2022.09.12"]
[EventType "swiss"]
[EventRounds "10"]
[EventCountry "RUS"]
[SourceTitle "CBM 210 Extra"]
[Source "ChessBase"]
[SourceDate "2022.11.30"]
[SourceVersion "1"]
[SourceVersionDate "2022.11.30"]
[SourceQuality "1"]

1. d4 Nf6 2. c4 e6 3. Nc3 Bb4 4. Qc2 c5 5. dxc5 0-0 6. Nf3 Na6 7. a3 Bxc3+ 8. Qxc3 Nxc5 9. Bg5 Nfe4 10. Bxd8 Nxc3 11. Be7 Nb3 12. Bxf8 Kxf8 13. Rd1 Nxd1 14. Kxd1 a5 15. Nd2 Nc5 16. g3 d6 17. Bg2 Bd7 18. b3 Ke7 19. Kc2 Kd8 20. Rd1 Kc7 21. Nb1 Bc6 22. Bxc6 bxc6 23. Nc3 Rb8 1/2-1/2

[Event "Cheliabinsk Panchenko Memorial op-B"]
[Site "Cheliabinsk"]
[Date "2022.09.15"]
[Round "4"]
[White "Kleymenova, Valeria"]
[Black "Goganova, Yana"]
[Result "1-0"]
[WhiteElo "2183"]
[BlackElo "1951"]
[PlyCount "79"]
[EventDate "2022.09.12"]
[EventType "swiss"]
[EventRounds "10"]
[EventCountry "RUS"]
[SourceTitle "CBM 210 Extra"]
[Source "ChessBase"]
[SourceDate "2022.11.30"]
[SourceVersion "1"]
[SourceVersionDate "2022.11.30"]
[SourceQuality "1"]

1. d4 d5 2. c4 dxc4 3. Nf3 Nf6 4. e3 e6 5. Bxc4 a6 6. 0-0 c5 7. Qe2 cxd4 8. exd4 Be7 9. Nc3 b5 10. Bb3 Bb7 11. Rd1 0-0 12. a3 Nd5 13. Ne4 Nd7 14. Bc2 Rc8 15. Qd3 N5f6 16. Nc3 Qc7 17. Qe2 Nd5 18. Bg5 Nxc3 19. bxc3 Bxf3 20. Qd3 g6 21. Bxe7 Bxd1 22. Qxd1 Rfe8 23. Bg5 Qxc3 24. Bb3 Nb6 25. Rc1 Qb2 26. Rb1 Qxa3 27. Qf3 Qd6 28. Re1 Nd5 29. h4 a5 30. h5 a4 31. Ba2 b4 32. Bb1 b3 33. hxg6 fxg6 34. Bh6 a3 35. Qxb3 Qb4 36. Qd1 Nc3 37. Qg4 Qxb1 38. Rxb1 Nxb1 39. Qe4 a2 40. Qb7 1-0

[Event "Satka Autumn op (Women)"]
[Site "Satka"]
[Date "2022.09.04"]
[Round "6"]
[White "Kuznetsova, Polina1111"]
[Black "Goganova, Yana"]
[Result "1/2-1/2"]
[WhiteElo "1851"]
[BlackElo "1951"]
[PlyCount "103"]
[EventDate "2022.08.30"]
[EventType "swiss"]
[EventRounds "9"]
[EventCountry "RUS"]
[SourceTitle "CBM 210 Extra"]
[Source "ChessBase"]
[SourceDate "2022.11.30"]
[SourceVersion "1"]
[SourceVersionDate "2022.11.30"]
[SourceQuality "1"]

1. e4 e5 2. Nf3 Nc6 3. Bb5 a6 4. Ba4 d6 5. c3 Bd7 6. 0-0 Nf6 7. Re1 g6 8. d4 Bg7 9. Nbd2 0-0 10. h3 Nh5 11. Nf1 Nf4 12. Be3 Kh8 13. dxe5 dxe5 14. Qd2 Ne6 15. Bh6 f6 16. Bxg7+ Kxg7 17. Rad1 Nc5 18. Bc2 Be6 19. b4 Nd7 20. Bb3 Bxb3 21. axb3 Rf7 22. Ne3 Nf8 23. Qc1 Qe8 24. Ng4 h5 25. Ne3 Ne6 26. Nd5 Rd8 27. Nh4 Ne7 28. Qe3 c6 29. Nb6 Nf4 30. Kh2 g5 31. Nf3 Neg6 32. g3 Ne6 33. Nc4 Rfd7 34. Qe2 h4 35. Ne3 Ne7 36. Nf5+ Nxf5 37. exf5 hxg3+ 38. fxg3 Rxd1 39. Rxd1 Rxd1 40. Qxd1 Qd8 41. Qe2 Nc7 42. h4 gxh4 43. Nxh4 Ne8 44. Qg4+ Kf8 45. Ng6+ Kf7 46. Qh5 Qd2+ 47. Kh3 e4 48. Qh7+ Ng7 49. Nh8+ Kf8 50. Ng6+ Kf7 51. Nh8+ Kf8 52. Ng6+ 1/2-1/2

[Event "Satka Autumn op (Women)"]
[Site "Satka"]
[Date "2022.08.30"]
[Round "1"]
[White "Goganova, Yana"]
[Black "Bubnova, Uliana"]
[Result "1-0"]
[WhiteElo "1951"]
[BlackElo "1379"]
[PlyCount "97"]
[EventDate "2022.08.30"]
[EventType "swiss"]
[EventRounds "9"]
[EventCountry "RUS"]
[SourceTitle "CBM 210 Extra"]
[Source "ChessBase"]
[SourceDate "2022.11.30"]
[SourceVersion "1"]
[SourceVersionDate "2022.11.30"]
[SourceQuality "1"]

1. e4 e6 2. d4 d5 3. Nd2 c5 4. exd5 Qxd5 5. dxc5 Bxc5 6. Ngf3 Nf6 7. Bc4 Qd8 8. Qe2 Nc6 9. Ne4 Be7 10. 0-0 0-0 11. Bf4 Nd4 12. Nxd4 Qxd4 13. Bg5 h6 14. Bxf6 Bxf6 15. c3 Qe5 16. Nxf6+ Qxf6 17. Qe4 Rb8 18. Bd3 g6 19. Qe3 Kg7 20. Qxa7 Bd7 21. Qe3 Bc6 22. Be4 Rfd8 23. Rad1 e5 24. Bxc6 bxc6 25. Rxd8 Rxd8 26. h3 Ra8 27. a3 Qe6 28. Re1 Rb8 29. b4 Rc8 30. Qc5 e4 31. Qd4+ Kg8 32. a4 Qb3 33. a5 Qa2 34. Kh2 Qe6 35. a6 Qa2 36. a7 Ra8 37. Rxe4 c5 38. Qxc5 Rxa7 39. Re8+ Kg7 40. Qe5+ f6 41. Re7+ Rxe7 42. Qxe7+ Kg8 43. Qxf6 Qb1 44. c4 Qe4 45. c5 Kh7 46. c6 Qxb4 47. Qf7+ Kh8 48. c7 Qd6+ 49. g3 1-0

[Event "Moscow op-B (Women) 18th"]
[Site "Moscow"]
[Date "2022.07.20"]
[Round "9"]
[White "Goltseva, Ekaterina"]
[Black "Goganova, Yana"]
[Result "1-0"]
[WhiteElo "2284"]
[BlackElo "1955"]
[PlyCount "75"]
[EventDate "2022.07.14"]
[EventType "swiss"]
[EventRounds "9"]
[EventCountry "RUS"]
[SourceTitle "CBM 209 Extra"]
[Source "ChessBase"]
[SourceDate "2022.09.30"]
[SourceVersion "1"]
[SourceVersionDate "2022.09.30"]
[SourceQuality "1"]

1. Nf3 Nf6 2. c4 g6 3. Nc3 Bg7 4. e4 d6 5. d4 0-0 6. Be2 e5 7. 0-0 Nc6 8. d5 Ne7 9. Bg5 Ne8 10. Nd2 c5 11. dxc6 bxc6 12. c5 h6 13. Bh4 g5 14. cxd6 Nxd6 15. Bg3 Be6 16. Nb3 Ng6 17. Nc5 Nf4 18. Re1 Nxe2+ 19. Rxe2 Qe7 20. Nxe6 Qxe6 21. b3 Nb5 22. Nxb5 cxb5 23. Rd2 Qb6 24. Rd5 Rfd8 25. Qe2 Rxd5 26. exd5 f5 27. h4 g4 28. h5 Qf6 29. Qxb5 f4 30. Bh2 Qh4 31. d6 Rd8 32. g3 Qh3 33. gxf4 exf4 34. Qd5+ Kh8 35. Bxf4 Bxa1 36. Be5+ Bxe5 37. Qxe5+ Kg8 38. Qe6+ 1-0